| 000 | 00729nam a2200217 i 4500 | ||
|---|---|---|---|
| 001 | bgj | ||
| 100 | 1 | _aMOLIERE | |
| 245 | 1 | 0 |
_aLe Tartufe : _bcomedie / _cMoliere ; avec un Notice biographique, une Notice historique et litteraire, und Lexique, des Notes explicatives, une Documentation thematique, des Jugements, un Questionnaire et des Sujets de devoirs, par J.-P. Caput. |
| 260 |
_aSorbonne : _bLibrairie Larousse, _c1984. |
||
| 300 |
_a169 S. ; _c17 cm. |
||
| 650 | 9 | _aBelletristik | |
| 650 | 9 | _aFranzösiche Drama | |
| 650 | 9 | _aKömedie | |
| 700 | 1 | _aCAPUT, J.-P. | |
| 020 | _a2030346675 | ||
| 040 | _cBPK | ||
| 041 | 0 | _afre | |
| 920 | _a2-03-034667-5 | ||
| 942 | _cKS | ||
| 008 | s1984 fr f |000 0 fre | ||
| 999 |
_c50735 _d50735 |
||
| 856 |
_uhttp://koha.tu.koszalin.pl/cgi-bin/koha/opac-detail.pl?biblionumber=50735 _yKatalog online BPK |
||